[Event "POL-chT 2nd League-4 2020"]
[Site "Poronin"]
[Date "2020.09.08"]
[Round "4.17"]
[White "Szydelko, Michal"]
[Black "Panek, Bartosz"]
[Result "1-0"]
[WhiteElo "1877"]
[BlackElo "1979"]
[Annotator "ChessBase"]
[PlyCount "79"]
[EventDate "2020.09.05"]
[EventType "team-tourn"]
[EventCountry "POL"]
[SourceTitle "playchess.com"]
[Source "ChessBase"]
[SourceQuality "1"]
[TimeControl "40/5400+30:900+30"]

1. e4 {[%emt 0:00:00]} d6 {[%emt 0:00:00]} 2. d4 {[%emt 0:00:00]} Nf6 {[%emt 0:00:00]} 3. Nc3 {[%emt 0:00:00]} Nbd7 {[%emt 0:00:00]} 4. Nf3 {[%emt 0:01:13]} e5 {[%emt 0:00:04]} 5. Bc4 {[%emt 0:00:40]} Be7 {[%emt 0:00:05]} 6. O-O {[%emt 0:01:46]} c6 {[%emt 0:00:11]} 7. a4 {[%emt 0:01:34]} Qc7 {[%emt 0:00:06]} 8. h3 {[%emt 0:06:14]} h6 {[%emt 0:00:07]} 9. Be3 {[%emt 0:02:05]} Nf8 {[%emt 0:00:22]} 10. Qd2 {[%emt 0:11:09]} g5 {[%emt 0:02:11]} 11. Ne1 {[%emt 0:08:17]} Ng6 {[%emt 0:00:34]} 12. Nd3 {[%emt 0:06:02]} Rg8 {[%emt 0:26:56]} 13. dxe5 {[%emt 0:12:11]} dxe5 {[%emt 0:00:36]} 14. Bc5 {[%emt 0:02:18]} Bxc5 {[%emt 0:05:07]} 15. Nxc5 {[%emt 0:00:08]} g4 {[%emt 0:00:35]} 16. hxg4 {[%emt 0:13:17]} Nxg4 {[%emt 0:00:47]} 17. Rfd1 {[%emt 0:17:10]} Qe7 {[%emt 0:16:37]} 18. g3 {[%emt 0:11:14]} Nf4 {[%emt 0:04:59]} 19. Qd6 {[%emt 0:00:34]} Qg5 {[%emt 0:16:54]} 20. Nb5 {[%emt 0:00:31]} Ne6 {[%emt 0:13:10]} 21. Nxe6 {[%emt 0:01:40]} fxe6 {[%emt 0:00:06]} 22. Nc7+ {[%emt 0:02:07]} Kf7 {[%emt 0:00:01]} 23. Bxe6+ {[%emt 0:00:16]} Bxe6 {[%emt 0:00:22]} 24. Qxe6+ {[%emt 0:00:12]} Kg7 {[%emt 0:00:26]} 25. Rd7+ {[%emt 0:01:15]} Kh8 {[%emt 0:00:11]} 26. Qf7 {[%emt 0:00:34]} Nf6 {[%emt 0:00:48]} 27. Nxa8 {[%emt 0:00:27]} Nxd7 {[%emt 0:00:41]} 28. Qxd7 {[%emt 0:00:26]} Rxa8 {[%emt 0:00:30]} 29. Qxb7 {[%emt 0:00:05]} Rf8 {[%emt 0:00:14]} 30. Qxc6 {[%emt 0:00:25]} h5 {[%emt 0:00:15]} 31. Rd1 {[%emt 0:01:01]} h4 {[%emt 0:00:08]} 32. Qc3 {[%emt 0:00:33]} h3 {[%emt 0:01:55]} 33. Rf1 {[%emt 0:00:31]} Rf4 {[%emt 0:01:10]} 34. Qc8+ {[%emt 0:00:15]} Kg7 {[%emt 0:00:11]} 35. Qd7+ {[%emt 0:00:09]} Kg8 {[%emt 0:00:11]} 36. Qe6+ {[%emt 0:00:11]} Kg7 {[%emt 0:00:16]} 37. Rd1 {[%emt 0:00:30]} h2+ {[%emt 0:00:37]} 38. Kg2 {[%emt 0:00:03]} Rf8 {[%emt 0:04:12]} 39. Rd7+ {[%emt 0:00:20]} Kh8 {[%emt 0:00:24]} 40. Qh3+ {[%emt 0:00:00]} 1-0

[Event "POL-chT 2nd League-4 2020"]
[Site "Poronin"]
[Date "2020.09.08"]
[Round "4.18"]
[White "Stebel, Agata"]
[Black "Trusz, Julia"]
[Result "1/2-1/2"]
[WhiteElo "1871"]
[BlackElo "1675"]
[Annotator "NA"]
[PlyCount "123"]
[EventDate "2020.09.05"]
[EventType "team-tourn"]
[EventCountry "POL"]
[SourceTitle "playchess.com"]
[Source "ChessBase"]
[SourceQuality "1"]
[TimeControl "40/5400+30:900+30"]

1. e4 {[%emt 0:00:00]} c5 {[%emt 0:00:00]} 2. c3 {[%emt 0:00:00]} d5 {[%emt 0:00:19]} 3. exd5 {[%emt 0:00:00]} Qxd5 {[%emt 0:00:07]} 4. d4 {[%emt 0:00:00]} Nf6 {[%emt 0:00:17]} 5. Nf3 {[%emt 0:00:20]} e6 {[%emt 0:01:05]} 6. Be3 {[%emt 0:02:05]} cxd4 {[%emt 0:02:02]} 7. cxd4 {[%emt 0:00:53]} Bb4+ {[%emt 0:00:52]} 8. Nc3 {[%emt 0:01:54]} Bd7 {[%emt 0:02:48]} 9. Bd3 {[%emt 0:02:23]} Bb5 {[%emt 0:03:15]} 10. O-O {[%emt 0:03:10]} Bxc3 {[%emt 0:01:58]} 11. bxc3 {[%emt 0:02:51]} O-O {[%emt 0:00:59]} 12. Bxb5 {[%emt 0:10:18]} Qxb5 {[%emt 0:00:09]} 13. Rb1 {[%emt 0:01:31]} Qa6 {[%emt 0:03:16]} 14. Qb3 {[%emt 0:03:18]} b6 {[%emt 0:02:26]} 15. Ne5 {[%emt 0:04:47]} Rc8 {[%emt 0:05:17]} 16. f4 {[%emt 0:16:56]} Nc6 {[%emt 0:08:24]} 17. Rf3 {[%emt 0:06:57]} Na5 {[%emt 0:07:47]} 18. Qc2 {[%emt 0:07:00]} Qb7 {[%emt 0:14:37]} 19. c4 {[%emt 0:07:09]} Qe4 {[%emt 0:04:07]} 20. Rc1 {[%emt 0:02:34]} Rc7 {[%emt 0:05:02]} 21. Qa4 {[%emt 0:07:32]} Rac8 {[%emt 0:06:18]} 22. h3 {[%emt 0:03:40]} h6 {[%emt 0:04:15]} 23. Bf2 {[%emt 0:01:17]} Qb7 {[%emt 0:06:31]} 24. c5 {[%emt 0:02:32]} Nc6 {[%emt 0:04:46]} 25. Rb1 {[%emt 0:01:29]} Nd5 {[%emt 0:01:43]} 26. Nc4 {[%emt 0:01:30]} Qa8 {[%emt 0:03:10]} 27. cxb6 {[%emt 0:02:23]} axb6 {[%emt 0:03:54]} 28. Qxa8 {[%emt 0:04:28]} Rxa8 {[%emt 0:00:08]} 29. Nxb6 {[%emt 0:01:37]} Rb7 {[%emt 0:07:24]} 30. Rfb3 {[%emt 0:01:19]} Rxa2 {[%emt 0:00:37]} 31. Nxd5 {[%emt 0:00:54]} Rxb3 {[%emt 0:00:07]} 32. Rxb3 {[%emt 0:00:31]} exd5 {[%emt 0:00:09]} 33. Rb5 {[%emt 0:01:27]} Ne7 {[%emt 0:02:06]} 34. g4 {[%emt 0:00:45]} f6 {[%emt 0:00:27]} 35. f5 {[%emt 0:00:43]} Re2 {[%emt 0:00:23]} 36. Kg2 {[%emt 0:00:42]} Rc2 {[%emt 0:00:35]} 37. Kf3 {[%emt 0:00:26]} Rc3+ {[%emt 0:00:25]} 38. Be3 {[%emt 0:00:37]} Ra3 {[%emt 0:00:40]} 39. Kf2 {[%emt 0:00:48]} Ra7 {[%emt 0:00:27]} 40. Bf4 {[%emt 0:00:00]} Rd7 {[%emt 0:00:00]} 41. Rb6 {[%emt 0:02:40]} Kf7 {[%emt 0:05:12]} 42. Re6 {[%emt 0:01:52]} Nc8 {[%emt 0:01:36]} 43. Kf3 {[%emt 0:01:56]} Rb7 {[%emt 0:01:42]} 44. Bc1 {[%emt 0:04:53]} Rb3+ {[%emt 0:01:38]} 45. Kg2 {[%emt 0:02:10]} Rd3 {[%emt 0:01:26]} 46. Be3 {[%emt 0:00:54]} Ne7 {[%emt 0:01:13]} 47. Kf3 {[%emt 0:00:19]} Rc3 {[%emt 0:02:33]} 48. Rd6 {[%emt 0:00:52]} Rb3 {[%emt 0:00:55]} 49. Rd7 {[%emt 0:00:33]} Ke8 {[%emt 0:00:51]} 50. Ra7 {[%emt 0:00:34]} Kf8 {[%emt 0:01:10]} 51. Rc7 {[%emt 0:02:23]} Ra3 {[%emt 0:01:32]} 52. Ke2 {[%emt 0:00:19]} Ra2+ {[%emt 0:00:09]} 53. Bd2 {[%emt 0:00:20]} Ra4 {[%emt 0:01:01]} 54. Kd3 {[%emt 0:00:39]} Ke8 {[%emt 0:01:37]} 55. Bc3 {[%emt 0:01:24]} h5 {[%emt 0:00:24]} 56. Kc2 {[%emt 0:00:28]} hxg4 {[%emt 0:00:27]} 57. hxg4 {[%emt 0:00:01]} Ra6 {[%emt 0:00:39]} 58. Bb4 {[%emt 0:00:37]} Rc6+ {[%emt 0:00:11]} 59. Rxc6 {[%emt 0:00:20]} Nxc6 {[%emt 0:00:01]} 60. Kc3 {[%emt 0:00:30]} Kf7 {[%emt 0:00:22]} 61. Bd6 {[%emt 0:01:56]} g6 {[%emt 0:00:21]} 62. Kd3 {[%emt 0:00:35]} 1/2-1/2

[Event "POL-chT 2nd League-4 2020"]
[Site "Poronin"]
[Date "2020.09.08"]
[Round "4.19"]
[White "Kosiorek, Marek"]
[Black "Bednarczyk, Damian"]
[Result "1-0"]
[WhiteElo "2223"]
[BlackElo "2258"]
[Annotator "ChessBase"]
[PlyCount "75"]
[EventDate "2020.09.05"]
[EventType "team-tourn"]
[EventCountry "POL"]
[SourceTitle "playchess.com"]
[Source "ChessBase"]
[SourceQuality "1"]
[TimeControl "40/5400+30:900+30"]

1. c4 {[%emt 0:00:00]} e5 {[%emt 0:02:07]} 2. g3 {[%emt 0:00:00]} Nc6 {[%emt 0:00:37]} 3. Bg2 {[%emt 0:00:00]} g6 {[%emt 0:00:07]} 4. Nc3 {[%emt 0:00:20]} Bg7 {[%emt 0:00:15]} 5. Rb1 {[%emt 0:01:04]} d6 {[%emt 0:06:14]} 6. b4 {[%emt 0:01:08]} a6 {[%emt 0:03:51]} 7. a4 {[%emt 0:04:12]} Be6 {[%emt 0:04:39]} 8. b5 {[%emt 0:01:34]} Na5 {[%emt 0:02:05]} 9. d3 {[%emt 0:02:00]} Ne7 {[%emt 0:01:33]} 10. Nf3 {[%emt 0:06:38]} O-O {[%emt 0:02:13]} 11. O-O {[%emt 0:01:10]} h6 {[%emt 0:00:05]} 12. Bd2 {[%emt 0:03:06]} axb5 {[%emt 0:06:23]} 13. axb5 {[%emt 0:01:05]} f5 {[%emt 0:00:31]} 14. Ne1 {[%emt 0:08:47]} e4 {[%emt 0:02:44]} 15. Nc2 {[%emt 0:11:47]} Qd7 {[%emt 0:02:56]} 16. Nb4 {[%emt 0:06:35]} b6 {[%emt 0:13:42]} 17. dxe4 {[%emt 0:15:18]} Rae8 {[%emt 0:01:47]} 18. Qc1 {[%emt 0:05:17]} Kh7 {[%emt 0:04:59]} 19. Ncd5 {[%emt 0:00:52]} fxe4 {[%emt 0:00:10]} 20. Bxe4 {[%emt 0:06:52]} Nxd5 {[%emt 0:02:12]} 21. cxd5 {[%emt 0:00:52]} Bh3 {[%emt 0:00:10]} 22. Qc2 {[%emt 0:08:54]} Rxe4 {[%emt 0:10:49]} 23. Qxe4 {[%emt 0:00:09]} Re8 {[%emt 0:00:09]} 24. Qf3 {[%emt 0:06:53]} Nc4 {[%emt 0:05:09]} 25. Bf4 {[%emt 0:02:23]} Bxf1 {[%emt 0:06:07]} 26. Kxf1 {[%emt 0:00:31]} Qf5 {[%emt 0:18:25]} 27. Qd3 {[%emt 0:00:24]} Na3 {[%emt 0:00:26]} 28. Qxf5 {[%emt 0:02:39]} gxf5 {[%emt 0:00:02]} 29. Rc1 {[%emt 0:01:45]} Nxb5 {[%emt 0:00:43]} 30. Na6 {[%emt 0:01:26]} Re7 {[%emt 0:01:52]} 31. Rc6 {[%emt 0:00:32]} Bd4 {[%emt 0:01:09]} 32. e3 {[%emt 0:00:37]} Bc5 {[%emt 0:00:19]} 33. Ke1 {[%emt 0:00:33]} Kg7 {[%emt 0:01:20]} 34. Kd2 {[%emt 0:00:06]} h5 {[%emt 0:00:28]} 35. Kd3 {[%emt 0:00:23]} Kf8 {[%emt 0:00:35]} 36. Kc4 {[%emt 0:01:29]} Na3+ {[%emt 0:00:01]} 37. Kd3 {[%emt 0:00:04]} Nb5 {[%emt 0:00:04]} 38. Bg5 {[%emt 0:00:32]} 1-0

[Event "POL-chT 2nd League-4 2020"]
[Site "Poronin"]
[Date "2020.09.08"]
[Round "4.20"]
[White "Mirski, Michal"]
[Black "Lukasik, Adam"]
[Result "1-0"]
[WhiteElo "2032"]
[BlackElo "2010"]
[Annotator "ChessBase"]
[PlyCount "55"]
[EventDate "2020.09.05"]
[EventType "team-tourn"]
[EventCountry "POL"]
[SourceTitle "playchess.com"]
[Source "ChessBase"]
[SourceQuality "1"]
[TimeControl "40/5400+30:900+30"]

1. e4 {[%emt 0:01:19]} d6 {[%emt 0:00:00]} 2. Nc3 {[%emt 0:00:04]} e5 {[%emt 0:00:10]} 3. f4 {[%emt 0:01:46]} exf4 {[%emt 0:04:53]} 4. Bc4 {[%emt 0:07:18]} Qh4+ {[%emt 0:09:48]} 5. Kf1 {[%emt 0:01:28]} Be6 {[%emt 0:02:25]} 6. Be2 {[%emt 0:05:36]} g6 {[%emt 0:12:21]} 7. d4 {[%emt 0:01:19]} Bh6 {[%emt 0:16:36]} 8. Bf3 {[%emt 0:07:04]} Ne7 {[%emt 0:05:06]} 9. g3 {[%emt 0:12:50]} Bh3+ {[%emt 0:09:09]} 10. Kf2 {[%emt 0:04:07]} Qf6 {[%emt 0:06:15]} 11. Nxh3 {[%emt 0:01:15]} fxg3+ {[%emt 0:00:32]} 12. hxg3 {[%emt 0:02:03]} Bg7 {[%emt 0:00:45]} 13. Be3 {[%emt 0:05:37]} Nec6 {[%emt 0:01:54]} 14. Nb5 {[%emt 0:02:39]} Qe7 {[%emt 0:01:01]} 15. Nf4 {[%emt 0:01:01]} Na6 {[%emt 0:02:05]} 16. Nd5 {[%emt 0:00:34]} Qd8 {[%emt 0:00:37]} 17. Qd2 {[%emt 0:01:15]} Ncb8 {[%emt 0:00:58]} 18. Bf4 {[%emt 0:04:25]} h5 {[%emt 0:04:31]} 19. g4 {[%emt 0:05:37]} Qd7 {[%emt 0:00:28]} 20. Qe2 {[%emt 0:02:28]} h4 {[%emt 0:06:52]} 21. g5 {[%emt 0:00:35]} Qd8 {[%emt 0:02:43]} 22. c3 {[%emt 0:05:07]} Kf8 {[%emt 0:02:00]} 23. Ndxc7 {[%emt 0:02:17]} Nxc7 {[%emt 0:00:31]} 24. Bxd6+ {[%emt 0:00:08]} Kg8 {[%emt 0:00:19]} 25. Bxc7 {[%emt 0:01:13]} Qxg5 {[%emt 0:00:30]} 26. Rag1 {[%emt 0:00:55]} Qe7 {[%emt 0:01:09]} 27. Bd6 {[%emt 0:01:56]} Qe6 {[%emt 0:00:46]} 28. e5 {[%emt 0:00:35]} 1-0

[Event "POL-chT 2nd League-4 2020"]
[Site "Poronin"]
[Date "2020.09.08"]
[Round "4.21"]
[White "Kurpiewski, Slawomir"]
[Black "Turecki, Stanislaw"]
[Result "1-0"]
[WhiteElo "1943"]
[BlackElo "1785"]
[Annotator "ChessBase"]
[PlyCount "93"]
[EventDate "2020.09.05"]
[EventType "team-tourn"]
[EventCountry "POL"]
[SourceTitle "playchess.com"]
[Source "ChessBase"]
[SourceQuality "1"]
[TimeControl "40/5400+30:900+30"]

1. f4 {[%emt 0:00:52]} d5 {[%emt 0:00:36]} 2. Nf3 {[%emt 0:00:13]} Nf6 {[%emt 0:00:46]} 3. g3 {[%emt 0:00:09]} e6 {[%emt 0:01:06]} 4. Bg2 {[%emt 0:00:09]} c5 {[%emt 0:01:17]} 5. O-O {[%emt 0:00:15]} Nc6 {[%emt 0:00:50]} 6. d3 {[%emt 0:00:09]} Be7 {[%emt 0:05:10]} 7. e4 {[%emt 0:17:29]} dxe4 {[%emt 0:01:58]} 8. dxe4 {[%emt 0:00:16]} Qxd1 {[%emt 0:02:50]} 9. Rxd1 {[%emt 0:00:08]} Nxe4 {[%emt 0:01:09]} 10. Ne5 {[%emt 0:00:10]} Nxe5 {[%emt 0:01:59]} 11. fxe5 {[%emt 0:00:16]} f5 {[%emt 0:00:20]} 12. Bxe4 {[%emt 0:05:19]} fxe4 {[%emt 0:00:19]} 13. Nc3 {[%emt 0:00:07]} O-O {[%emt 0:01:53]} 14. Nxe4 {[%emt 0:00:14]} b6 {[%emt 0:02:47]} 15. Bg5 {[%emt 0:01:34]} Bxg5 {[%emt 0:04:21]} 16. Nxg5 {[%emt 0:00:02]} h6 {[%emt 0:00:12]} 17. Nh3 {[%emt 0:00:52]} Bb7 {[%emt 0:16:00]} 18. Rd6 {[%emt 0:06:17]} Rae8 {[%emt 0:02:19]} 19. Nf4 {[%emt 0:04:53]} Bc8 {[%emt 0:04:30]} 20. Re1 {[%emt 0:02:01]} g5 {[%emt 0:02:27]} 21. Nh5 {[%emt 0:00:34]} Rd8 {[%emt 0:00:26]} 22. Nf6+ {[%emt 0:05:33]} Kf7 {[%emt 0:01:13]} 23. Red1 {[%emt 0:00:16]} Rxd6 {[%emt 0:01:56]} 24. Rxd6 {[%emt 0:00:03]} Ke7 {[%emt 0:03:28]} 25. Rd3 {[%emt 0:00:28]} Kf7 {[%emt 0:06:26]} 26. g4 {[%emt 0:03:20]} Ke7 {[%emt 0:02:20]} 27. Kf2 {[%emt 0:00:46]} Kf7 {[%emt 0:02:45]} 28. Ke3 {[%emt 0:01:10]} Rh8 {[%emt 0:00:36]} 29. c4 {[%emt 0:00:52]} Ke7 {[%emt 0:01:20]} 30. Ra3 {[%emt 0:01:14]} a6 {[%emt 0:01:52]} 31. Rb3 {[%emt 0:00:04]} Kd8 {[%emt 0:00:15]} 32. Rxb6 {[%emt 0:00:12]} Kc7 {[%emt 0:00:12]} 33. Rd6 {[%emt 0:00:27]} Rf8 {[%emt 0:00:28]} 34. Rd3 {[%emt 0:00:52]} Kc6 {[%emt 0:01:48]} 35. Ke2 {[%emt 0:00:54]} Kc7 {[%emt 0:02:47]} 36. Rh3 {[%emt 0:02:10]} Rh8 {[%emt 0:01:01]} 37. Kd2 {[%emt 0:02:02]} Bb7 {[%emt 0:01:21]} 38. Kc3 {[%emt 0:00:20]} a5 {[%emt 0:00:41]} 39. Rd3 {[%emt 0:00:30]} Bc6 {[%emt 0:00:20]} 40. Rd6 {[%emt 0:00:00]} Bf3 {[%emt 0:00:00]} 41. Rxe6 {[%emt 0:01:47]} h5 {[%emt 0:00:57]} 42. gxh5 {[%emt 0:02:46]} Bxh5 {[%emt 0:00:17]} 43. Nd5+ {[%emt 0:00:20]} Kd8 {[%emt 0:01:14]} 44. Ra6 {[%emt 0:03:18]} Be8 {[%emt 0:00:37]} 45. Ra8+ {[%emt 0:04:30]} Kd7 {[%emt 0:00:12]} 46. Nf6+ {[%emt 0:00:16]} Ke7 {[%emt 0:00:16]} 47. Rxe8+ {[%emt 0:00:47]} 1-0

[Event "POL-chT 2nd League-4 2020"]
[Site "Poronin"]
[Date "2020.09.08"]
[Round "4.22"]
[White "Rainer, Piotr"]
[Black "Sikorski, Tomasz"]
[Result "1-0"]
[WhiteElo "1641"]
[BlackElo "1702"]
[Annotator "NA"]
[PlyCount "67"]
[EventDate "2020.09.05"]
[EventType "team-tourn"]
[EventCountry "POL"]
[SourceTitle "playchess.com"]
[Source "ChessBase"]
[SourceQuality "1"]
[TimeControl "40/5400+30:900+30"]

1. e4 e6 2. d4 d5 3. Nd2 Nf6 4. exd5 exd5 5. Bd3 Bg4 6. Ne2 Qd7 7. O-O Nc6 8. c3 Bf5 9. Bxf5 Qxf5 10. Ng3 Qd7 11. Nb3 O-O-O 12. a4 h5 13. a5 h4 14. Ne2 Qg4 15. f3 Qf5 16. Nc5 Bxc5 17. dxc5 a6 18. b4 Rd7 19. b5 Nb8 20. Nd4 Qg6 21. c6 bxc6 22. bxa6 Nxa6 23. Qe2 Kb7 24. Nxc6 Ra8 25. Qb5+ Kc8 26. Rb1 Qxb1 27. Qxb1 d4 28. cxd4 Rd6 29. Ne7+ Kd8 30. Qb7 Kxe7 31. Qxa8 Nd5 32. Bg5+ f6 33. Re1+ Kd7 34. Qe8# 1-0

[Event "POL-chT 2nd League-4 2020"]
[Site "Poronin"]
[Date "2020.09.08"]
[Round "4.24"]
[White "Siwek, Kinga"]
[Black "Dabrowska, Aleksandra"]
[Result "0-1"]
[WhiteElo "1804"]
[BlackElo "1566"]
[Annotator "NA"]
[PlyCount "124"]
[EventDate "2020.09.05"]
[EventType "team-tourn"]
[EventCountry "POL"]
[SourceTitle "playchess.com"]
[Source "ChessBase"]
[SourceQuality "1"]
[TimeControl "40/5400+30:900+30"]

1. e4 c6 2. d4 d5 3. Nc3 dxe4 4. Nxe4 Bf5 5. Ng3 Bg6 6. Nf3 Nd7 7. h4 h6 8. h5 Bh7 9. Bd3 Bxd3 10. Qxd3 e6 11. Bd2 Qc7 12. O-O-O O-O-O 13. Rhe1 Ngf6 14. Qe2 Bd6 15. Ne5 Rhf8 16. f4 c5 17. dxc5 Bxc5 18. Nd3 Bd6 19. Ne4 Nxe4 20. Qxe4 Nf6 21. Qa4 Kb8 22. Be3 b6 23. Ne5 Rc8 24. c3 Bxe5 25. fxe5 Nd5 26. Bd2 Qc4 27. Re4 Qxa4 28. Rxa4 Rc7 29. Rg4 f6 30. Rf1 Kb7 31. Kb1 b5 32. Rf3 Rff7 33. exf6 Rxf6 34. Rxf6 Nxf6 35. Rb4 Rc5 36. g4 a5 37. Rf4 e5 38. Rf5 Nxg4 39. Kc2 Rc7 40. Kd3 Kc6 41. Ke2 Rd7 42. Be1 e4 43. Rf4 Nf6 44. Bh4 Nxh5 45. Rxe4 g5 46. Bf2 Nf4+ 47. Kf3 Nd3 48. Bd4 Nxb2 49. Re6+ Rd6 50. Re8 Nc4 51. Rc8+ Kd7 52. Rc5 Na3 53. Kg4 Ra6 54. Kh5 b4 55. cxb4 axb4 56. Rf5 Nc2 57. Bg7 Rxa2 58. Kxh6 Ne3 59. Rb5 g4 60. Bd4 Nc2 61. Bc5 Kc6 62. Bg1 Ra1 0-1

[Event "POL-chT 2nd League-4 2020"]
[Site "Poronin"]
[Date "2020.09.09"]
[Round "5.1"]
[White "Nowicki, Bartosz"]
[Black "Polok, Kacper"]
[Result "1-0"]
[WhiteElo "2339"]
[BlackElo "2288"]
[Annotator "TA"]
[PlyCount "57"]
[EventDate "2020.09.05"]
[EventType "team-tourn"]
[EventCountry "POL"]
[SourceTitle "playchess.com"]
[Source "ChessBase"]
[SourceQuality "1"]

{[%evp 12,57,40,0,39,31,40,59,56,22,76,60,95,84,124,110,122,106,139,102,140,100,113,94,167,141,168,151,182,191,220,206,342,343,331,340,488,481,592,589,585,554,845,841,802,816,831,806]} 1. e4 e6 2. d4 d5 3. Nd2 Nf6 4. e5 Nfd7 5. Bd3 c5 6. c3 Nc6 7. Ngf3 g5 {C06: French Tarrasch: 3...Nf6 4 e5 Nfd7 5 Bd3 main lines.} 8. h3 h5 9. Be2 Rg8 {White is slightly better.} 10. g4 {[#]} Qb6 $146 (10... h4 $11) ({Predecessor:} 10... Rh8 11. Rg1 hxg4 12. Rxg4 cxd4 13. cxd4 Rxh3 14. Nxg5 Rh1+ 15. Nf1 Nb6 16. Bd3 Bb4+ {1-0 (25) Rasik,V (2446)-Repka,C (2450) Olomouc 2015}) 11. Nb3 $1 $16 a5 {Black is now going downhill.} 12. a4 ({Much worse is} 12. Nxg5 $6 a4 $11) ({Don't play} 12. Bxg5 hxg4 13. hxg4 c4 $15) 12... cxd4 13. cxd4 f6 {[%cal Rf6e5]} 14. exf6 Bb4+ 15. Kf1 Nxf6 16. Bxg5 Ne4 {[#]} 17. Be3 $1 hxg4 (17... Bd7 $16) 18. hxg4 $18 Bd7 19. Rc1 O-O-O 20. Ne5 Kb8 21. Rh7 Be8 {[#]} (21... Bc8 {was called for.} 22. Qc2 Rdf8) 22. Nc5 $1 Bxc5 23. dxc5 Qb4 (23... Qa7 {might work better.} 24. f3 Ng3+ 25. Kg2 Nxe2 26. Qxe2 Ka8) 24. Nd3 {White is clearly winning.} Ng3+ 25. fxg3 Qe4 26. Bf4+ e5 {[#]} 27. Nxe5 $1 {[%mdl 64] Clearance} Nxe5 28. Bd3 Qd4 29. Bf5 {Accuracy: White = 94%, Black = 35%.} 1-0

[Event "POL-chT 2nd League-4 2020"]
[Site "Poronin"]
[Date "2020.09.09"]
[Round "5.2"]
[White "Wieczorek, Zbigniew"]
[Black "Parol, Pawel"]
[Result "1/2-1/2"]
[WhiteElo "2208"]
[BlackElo "2114"]
[Annotator "TA"]
[PlyCount "69"]
[EventDate "2020.09.05"]
[EventType "team-tourn"]
[EventCountry "POL"]
[SourceTitle "playchess.com"]
[Source "ChessBase"]
[SourceQuality "1"]

{[%evp 20,69,31,22,23,23,23,23,23,23,45,23,23,25,25,25,25,0,0,0,6,6,8,1,17,8,13,0,11,0,0,-11,4,0,0,0,0,-23,-22,-25,0,-11,-12,-64,-60,-79,-77,-79,0,0,0,-83]} 1. Nf3 Nf6 2. c4 e6 3. g3 b6 4. Bg2 Bb7 5. d4 Be7 6. Nc3 Ne4 7. Bd2 Nxc3 8. Bxc3 Be4 9. O-O O-O 10. d5 Bf6 11. Rc1 a5 {E18: Queen's Indian: Old Main Line (4 g3 Bb7 5 Bg2 Be7 6 0-0 0-0 7 Nc3).} 12. Nd4 Bxg2 13. Kxg2 {[#]} Na6 $146 {White has an edge.} ({Predecessor:} 13... e5 14. Nf5 d6 15. e4 Nd7 16. h4 g6 17. Ne3 Nc5 18. Qc2 Qe7 19. b3 Bg7 {½-½ (63) Hoeksema,H (2405)-Van Ketel,R (2226) Groningen 2004}) 14. e4 Re8 15. Re1 Bxd4 16. Qxd4 {[%csl Gc3][%cal Rd4g7]} e5 17. Qe3 Nc5 18. Bxa5 {[%mdl 64] [#] Remove Defender} Rxa5 19. b4 $1 {[%csl LRa5,LRc5][%mdl 64] Double Attack} Rxa2 {And now ...Nb7 would win.} 20. bxc5 bxc5 21. Qxc5 Qf6 22. Rf1 Qd6 23. Qb5 c6 24. Qb1 Rea8 25. c5 Qf6 26. Qb7 Qg6 $36 {[%mdl 2048] Black fights for an advantage.} 27. Rc4 {[%cal Bc1c4,Bc4b4,Bb4b8][%mdl 32]} R2a7 28. Qb4 h5 29. Qc3 Qf6 30. Rb4 Ra2 31. Qf3 (31. Rb2 $11) 31... Qxf3+ $15 32. Kxf3 R8a3+ 33. Kg2 Rc3 ({Black should play} 33... cxd5 $17 34. exd5 Rc3) 34. Rb8+ Kh7 {Threatens to win with ...cxd5.} 35. Rb7 {Accuracy: White = 86%, Black = 90%.} (35. dxc6 $11 dxc6 36. Rb7) 1/2-1/2